System zarzadzania gospodarka zywnosiowa i zasady jego kszaltowania

Gespeichert in:
Bibliographische Detailangaben
1. Verfasser: Piescikowski, Zdislaw
Format: Buch
Sprache:Polnisch
Veröffentlicht: Poznan Akademia Ekon. 1986
Ausgabe:1. wyd.
Schriftenreihe:Zeszyty naukowe-Seria 2 Zeszyt 89
Tags: Tag hinzufügen
Keine Tags, Fügen Sie das erste Tag hinzu!

MARC

LEADER 00000nam a2200000 4500
001 c029002
005 20221220073008.1
041 0 |a pol 
044 |a PL 
245 1 0 |a System zarzadzania gospodarka zywnosiowa i zasady jego kszaltowania  |c Zdislaw Piescikowski 
250 |a 1. wyd. 
264 1 |a Poznan  |b Akademia Ekon.  |c 1986 
300 |a 160 s. 
490 1 |a Zeszyty naukowe-Seria 2  |v Zeszyt 89 
830 0 |a Zeszyty naukowe-Seria 2  |v Zeszyt 89 
100 1 |a Piescikowski, Zdislaw